|
|
|
|
| LEADER |
00855ngm a2200229 i 4500 |
| 001 |
eta5215 |
| 005 |
20221015104830.0 |
| 008 |
210311s2021 hu o 0|| eng d |
| 040 |
|
|
|a SZTE Elektronikus Tananyag Archívum
|b hun
|
| 041 |
|
|
|a eng
|
| 100 |
1 |
|
|a Molnár Gergely
|
| 245 |
1 |
0 |
|a Selected Topics of the Functional Anatomy of the Spinal Cord
|h [elektronikus dokumentum] /
|c Molnár Gergely
|
| 260 |
|
|
|c 2021
|
| 516 |
|
|
|a Video
|
| 650 |
|
4 |
|a Orvos- és egészségtudomány
|
| 650 |
|
4 |
|a Általános orvostudomány
|
| 650 |
|
4 |
|a Anatómia és morfológia
|
| 695 |
|
|
|a anatómia
|
| 700 |
0 |
1 |
|a Szigeti Csaba
|e aut
|
| 700 |
0 |
1 |
|a Nógrádi Antal
|e aut
|
| 856 |
4 |
0 |
|u https://eta.bibl.u-szeged.hu/5215/3/III_4_Spinal_Cord/III_4_Spinal%20cord_player.html
|z Dokumentum-elérés
|
| 856 |
4 |
0 |
|u https://eta.bibl.u-szeged.hu/5215/5/III_4_Spinal_Cord.zip
|z Dokumentum-elérés
|